| 000 | 00931nam a22002657a 4500 | ||
|---|---|---|---|
| 999 |
_c4540 _d4540 |
||
| 003 | AR-CdUCM | ||
| 008 | 190308b ||||| |||| 00| 0 spa d | ||
| 040 |
_aMUNICIPALIDAD PROVINCIAL DEL CUSCO _cBIBLIOTECA MUNICIPAL DEL CUSCO |
||
| 041 | _hfr. | ||
| 082 |
_22 ed. _a335.43 / _bB39 |
||
| 100 |
_aBesse Guy _96818 |
||
| 245 | _aPractica social y teórica marxista del conocimiento / | ||
| 260 |
_aBuenos Aires : _bEdit.Quetzal, _c1966 |
||
| 300 |
_a106 paginas ; _c18 cm. |
||
| 440 |
_aBiblioteca de ensayos contemporáneos _914212 |
||
| 500 | _aDonación familia Nieto | ||
| 505 | _aContenido : La practica social --La practica, fuente del conocimiento --La practica,criterio del conocimiento ... | ||
| 650 |
_aConocimiento _95704 |
||
| 650 |
_aIdealismo _9695 |
||
| 650 |
_aPractica social _914213 |
||
| 650 |
_aDialectica _95490 |
||
| 700 |
_aMaria M.Chirico (traductor) _914214 |
||
| 942 |
_2ddc _cLIBROS |
||
| 945 | _arjall | ||